Britain’s atomic factories; (Record no. 184472)

000 -LEADER
fixed length control field 00884 a2200169 4500
003 - CONTROL NUMBER IDENTIFIER
control field Nust
005 - DATE AND TIME OF LATEST TRANSACTION
control field 20170207153349.0
040 ## - CATALOGING SOURCE
Transcribing agency Nust
082 ## - DEWEY DECIMAL CLASSIFICATION NUMBER
Classification number 539.7
110 ## - MAIN ENTRY--CORPORATE NAME
Corporate name or jurisdiction name as entry element Great Britain. Ministry of Supply. Division of Atomic Energy.
245 ## - TITLE STATEMENT
Title Britain’s atomic factories;
Remainder of title the story of atomic energy production in Britain
Statement of responsibility, etc. Jay, Kenneth Edmund Brian.
260 ## - PUBLICATION, DISTRIBUTION, ETC.
Place of publication, distribution, etc. London
Name of publisher, distributor, etc. H.M. Stationery Office
Date of publication, distribution, etc. 1954
300 ## - PHYSICAL DESCRIPTION
Extent x, 100 p.
505 ## - FORMATTED CONTENTS NOTE
Formatted contents note The Production Invision And Its Programme (Page-3), The Uranium Factory At Springfield’s (Page-11), The Plutonium Factory At Windscale (Page-21), The Uranium 235 Factory At Capenhurst (Page-43), Health Protection In The Production Factories (Page-55), How The Job Was Done- Risley’s Organization And Methods (Page-68), Risley And The Future (Page-79)
538 ## - SYSTEM DETAILS NOTE
System details note Almirah No.17 Shelf No.4
650 ## - SUBJECT ADDED ENTRY--TOPICAL TERM
Topical term or geographic name entry element Nuclear industry --Great Britain.
942 ## - ADDED ENTRY ELEMENTS (KOHA)
Source of classification or shelving scheme
Koha item type Book
Holdings
Withdrawn status Lost status Source of classification or shelving scheme Damaged status Not for loan Collection code Permanent Location Current Location Date acquired Total Checkouts Full call number Barcode Date last seen Price effective from Koha item type
            Military College of Signals (MCS) Military College of Signals (MCS) 12/12/2016   539.7 JAY MCS7242 12/08/2016 12/12/2016 Book
© 2023 Central Library, National University of Sciences and Technology. All Rights Reserved.